00742pam a2200253 a 4500001000500000005001700005020001500022040002300037050001500060082000800075100001600083245003800099260003500137300004700172490002400219500003800243505000800281520009300289521002000382521002000402650002000422650002400442650002200466309520240205151218.0 a0590135635 aDLCcDLCdDLCbeng00aPZ7.B8161800a7001 aBrown, Marc10aArthur's Christmas /cBrown, Marc aNew York :bScholastic, c1984 a31 pages : bcolor illustrations ;c26 cm. aArthur the Aardvark a"An Atlantic Monthly Press book." aM  aArthur puts a lot of time, effort, and thought into his special present for Santa Claus. a530 bLexile  aM bRaz-Plus  1aGiftsvFiction. 1aChristmasvFiction. 1aAnimalsvFiction.